| 000 -LEADER |
| fixed length control field |
01058cam a2200253 i 4500 |
| 020 ## - INTERNATIONAL STANDARD BOOK NUMBER |
| ISBN |
9780429266270 |
| 040 ## - CATALOGING SOURCE |
| Transcribing agency |
DLC |
| 082 00 - DEWEY DECIMAL CLASSIFICATION NUMBER |
| Classification number |
341 AN 2018 C138 Or. |
| 245 00 - TITLE STATEMENT |
| Title |
River basin organizations in water diplomacy / |
| 300 ## - PHYSICAL DESCRIPTION |
| Number of Pages |
1 online resource. |
| 490 0# - SERIES STATEMENT |
| Series statement |
Global institutions |
| 520 ## - SUMMARY, ETC. |
| Summary, etc |
"This book addresses RBOs' role in water diplomacy and conflict management in the broader context of cooperation over shared water resources. Through a theoretical framework, global overview and numerous case studies, it examines what role RBOs can and have played in addressing disagreements and conflicts and which approaches, tools and processes they have used in doing so"-- |
| 650 #0 - SUBJECT ADDED ENTRY--TOPICAL TERM |
| Topical Term |
Watershed management |
| 650 #0 - SUBJECT ADDED ENTRY--TOPICAL TERM |
| Topical Term |
International rivers |
| 650 #0 - SUBJECT ADDED ENTRY--TOPICAL TERM |
| Topical Term |
Water rights (International law) |
| 650 #0 - SUBJECT ADDED ENTRY--TOPICAL TERM |
| Topical Term |
Water-supply |
| 650 #0 - SUBJECT ADDED ENTRY--TOPICAL TERM |
| Topical Term |
Water resources development |
| 650 #0 - SUBJECT ADDED ENTRY--TOPICAL TERM |
| Topical Term |
Watershed management |
| 650 #0 - SUBJECT ADDED ENTRY--TOPICAL TERM |
| Topical Term |
Watershed management |
| 650 #0 - SUBJECT ADDED ENTRY--TOPICAL TERM |
| Topical Term |
Diplomacy |
| 700 1# - ADDED ENTRY--PERSONAL NAME |
| Personal name |
Kittikhoun, Anoulak, |
| 700 1# - ADDED ENTRY--PERSONAL NAME |
| Personal name |
Schmeier, Susanne, |
| 942 ## - ADDED ENTRY ELEMENTS (KOHA) |
| Koha item type |
សៀវភៅភាសាខ្មែរ |
| 952 ## - LOCATION AND ITEM INFORMATION (KOHA) |
| Withdrawn status [LOCAL, KOHA] |
0 |